<?xml version='1.0' encoding='UTF-8'?>
  <record xmlns="http://www.loc.gov/MARC21/slim">
    <leader>00000cam a2200000 i 4500</leader>
    <controlfield tag="001">ocm03509275</controlfield>
    <controlfield tag="003">OCoLC</controlfield>
    <controlfield tag="005">20250701101904.2</controlfield>
    <controlfield tag="008">771222s1583    gw            000 0 lat d</controlfield>
    <datafield tag="040" ind1=" " ind2=" ">
      <subfield code="a">VEM</subfield>
      <subfield code="b">eng</subfield>
      <subfield code="e">rda</subfield>
      <subfield code="e">dcrmr</subfield>
      <subfield code="c">VEM</subfield>
      <subfield code="d">OCLCQ</subfield>
      <subfield code="d">OCLCG</subfield>
      <subfield code="d">OCLCQ</subfield>
      <subfield code="d">OCLCF</subfield>
      <subfield code="d">GZM</subfield>
      <subfield code="d">OCL</subfield>
      <subfield code="d">OCLCA</subfield>
      <subfield code="d">OCLCO</subfield>
      <subfield code="d">PUL</subfield>
      <subfield code="d">OCLCQ</subfield>
      <subfield code="d">QGJ</subfield>
      <subfield code="d">OCLCO</subfield>
      <subfield code="d">OCLCL</subfield>
    </datafield>
    <datafield tag="035" ind1=" " ind2=" ">
      <subfield code="a">(OCoLC)3509275</subfield>
    </datafield>
    <datafield tag="043" ind1=" " ind2=" ">
      <subfield code="a">e-be---</subfield>
    </datafield>
    <datafield tag="050" ind1=" " ind2="4">
      <subfield code="a">DH186.H57</subfield>
    </datafield>
    <datafield tag="082" ind1="0" ind2="4">
      <subfield code="a">949.3</subfield>
      <subfield code="b">H62, 1583</subfield>
      <subfield code="1">https://id.oclc.org/worldcat/ddc/E3hj8B9rYtRKDw9CcCvRB4WrYw</subfield>
    </datafield>
    <datafield tag="100" ind1="1" ind2=" ">
      <subfield code="a">Galle, Philippe,</subfield>
      <subfield code="d">1537-1612,</subfield>
      <subfield code="e">author.</subfield>
      <subfield code="4">aut</subfield>
      <subfield code="1">https://id.oclc.org/worldcat/entity/E39PBJmtDHf7vhRJwtDRV6Gfv3</subfield>
    </datafield>
    <datafield tag="245" ind1="1" ind2="0">
      <subfield code="a">Historia Belgica :</subfield>
      <subfield code="b">hoc est, Rerum memorabilium, quae in Belgio, iam inde a pace illa Cameracensi inter Carolum V. Rom. Imperat. &amp; Franciscum eius nominis I. Regem Franci[a]ȩ, ter pientiss. memoriae inita, passim aliquando euenerint, brevis designatio: cui ntertexta sunt, quae etiam in Europa insignia ac illustria passim contigerint: deducta ab 1529. vsque in 83. annum praesentem. Hactenus à variis vario stylo conscripta: lam verò praesenti facie, &amp; quasi in Epitomate, singulari studio ac industria cuiusdam Historiarum Studiosi congesta. Accessit Epitome chronikōn Regum Francorum omnium, à Pharamũdo, ad Henricum usq[ue] III. etiamnum regnum administrantem, Vitas &amp; Gesta eorum succinctè perstringens: adiectis Holandiæ ac Zelandiæ Comitius /</subfield>
      <subfield code="c">auctores huius opusculi: Philippus Gallaeus, Gerhardus Candidus, Chronologia omnium Regum Francorum, Michaël Vosmerus.</subfield>
    </datafield>
    <datafield tag="246" ind1="3" ind2=" ">
      <subfield code="a">Historia Belgica :</subfield>
      <subfield code="b">hoc est, Rervm memorabilivm, qvæ in Belgio, iam inde a pace illa Cameracensi inter Carolvm V. Rom. Imperat. &amp; Franciscvm eius nominis I. Regem Franciȩ, ter pientiss. memoriæ inita, passim aliquando euenerint, brevis designatio</subfield>
    </datafield>
    <datafield tag="246" ind1="3" ind2="0">
      <subfield code="a">Rerum memorabilium, quae in Belgio, iam inde a pace illa Cameracensi inter Carolum V. Rom. Imperat. &amp; Franciscum eius nominis I. Regem Franci[a]ȩ, ter pientiss. memoriae inita, passim aliquando euenerint, brevis designatio</subfield>
    </datafield>
    <datafield tag="264" ind1=" " ind2="1">
      <subfield code="a">Francoforti :</subfield>
      <subfield code="b">Apud Sigismundum Feyrabenium,</subfield>
      <subfield code="c">M. D. LXXXIII. [1583]</subfield>
    </datafield>
    <datafield tag="300" ind1=" " ind2=" ">
      <subfield code="a">8 unnumbered leaves, 366 leaves, 1 unnumbered leaf ;</subfield>
      <subfield code="c">17 cm (8vo)</subfield>
    </datafield>
    <datafield tag="336" ind1=" " ind2=" ">
      <subfield code="a">text</subfield>
      <subfield code="b">txt</subfield>
      <subfield code="2">rdacontent</subfield>
    </datafield>
    <datafield tag="337" ind1=" " ind2=" ">
      <subfield code="a">unmediated</subfield>
      <subfield code="b">n</subfield>
      <subfield code="2">rdamedia</subfield>
    </datafield>
    <datafield tag="338" ind1=" " ind2=" ">
      <subfield code="a">volume</subfield>
      <subfield code="b">nc</subfield>
      <subfield code="2">rdacarrier</subfield>
    </datafield>
    <datafield tag="340" ind1=" " ind2=" ">
      <subfield code="m">8vo</subfield>
      <subfield code="2">rdabf</subfield>
    </datafield>
    <datafield tag="500" ind1=" " ind2=" ">
      <subfield code="a">Authors' names taken from title page verso.</subfield>
    </datafield>
    <datafield tag="500" ind1=" " ind2=" ">
      <subfield code="a">Colophon: Impressum Francoforti ad Moenum, impensis Sigismundi Feyrabenij. M. D. LXXXIII.</subfield>
    </datafield>
    <datafield tag="500" ind1=" " ind2=" ">
      <subfield code="a">Signatures: ()⁸, A⁸-2Z⁸; 2Z7 verso-2Z8 verso are blank</subfield>
    </datafield>
    <datafield tag="500" ind1=" " ind2=" ">
      <subfield code="a">Leaves 58, 67, 73, 198 misnumbered 85, 76, 37, 189.</subfield>
    </datafield>
    <datafield tag="500" ind1=" " ind2=" ">
      <subfield code="a">Xylographic printer's device on title page angel blowing a trumpet kneeling on a rock with coastline; text in italics, chapter headings in Roman; some printed marginalia; printer's device also on last page.</subfield>
    </datafield>
    <datafield tag="500" ind1=" " ind2=" ">
      <subfield code="a">Woodcut initials, head- and tail-pieces.</subfield>
    </datafield>
    <datafield tag="500" ind1=" " ind2=" ">
      <subfield code="a">With place of publication on title page [=VD 16 ZV 6340]. A variant printing lacks the place of publication on the title page [=VD 16 ZV 6341]</subfield>
    </datafield>
    <datafield tag="510" ind1="4" ind2=" ">
      <subfield code="a">Short-title catalogue of books printed in the German-speaking countries and German books printed in other countries from 1455 to 1600 now in the British Museum,</subfield>
      <subfield code="c">p. 74</subfield>
    </datafield>
    <datafield tag="510" ind1="4" ind2=" ">
      <subfield code="a">Adams, H.M. Catalogue of books printed on the continent of Europe, 1501-1600, in Cambridge libraries,</subfield>
      <subfield code="c">B 471</subfield>
    </datafield>
    <datafield tag="510" ind1="4" ind2=" ">
      <subfield code="a">Verzeichnis der im deutschen Sprachbereich erschienenen Drucke des 16. Jahrhunderts (VD 16),</subfield>
      <subfield code="c">ZV 6340</subfield>
    </datafield>
    <datafield tag="510" ind1="4" ind2=" ">
      <subfield code="a">Verzeichnis der im deutschen Sprachbereich erschienenen Drucke des 16. Jahrhunderts (VD 16),</subfield>
      <subfield code="c">ZV 6341 (variant)</subfield>
    </datafield>
    <datafield tag="651" ind1=" " ind2="0">
      <subfield code="a">Belgium</subfield>
      <subfield code="x">History</subfield>
      <subfield code="y">To 1555.</subfield>
    </datafield>
    <datafield tag="651" ind1=" " ind2="0">
      <subfield code="a">Belgium</subfield>
      <subfield code="x">History</subfield>
      <subfield code="y">1555-1648.</subfield>
    </datafield>
    <datafield tag="651" ind1=" " ind2="6">
      <subfield code="a">Belgique</subfield>
      <subfield code="x">Histoire</subfield>
      <subfield code="y">Jusqu'à 1555.</subfield>
    </datafield>
    <datafield tag="651" ind1=" " ind2="6">
      <subfield code="a">Belgique</subfield>
      <subfield code="x">Histoire</subfield>
      <subfield code="y">1555-1648.</subfield>
    </datafield>
    <datafield tag="651" ind1=" " ind2="7">
      <subfield code="a">Belgium</subfield>
      <subfield code="2">fast</subfield>
      <subfield code="1">https://id.oclc.org/worldcat/entity/E39QbtfRBTwKRX6RVxHCgVWBGB</subfield>
    </datafield>
    <datafield tag="648" ind1=" " ind2="7">
      <subfield code="a">To 1648</subfield>
      <subfield code="2">fast</subfield>
    </datafield>
    <datafield tag="655" ind1=" " ind2="7">
      <subfield code="a">History</subfield>
      <subfield code="2">fast</subfield>
    </datafield>
    <datafield tag="700" ind1="1" ind2=" ">
      <subfield code="a">Vosmeer, Michael,</subfield>
      <subfield code="d">1545-1617,</subfield>
      <subfield code="e">author.</subfield>
      <subfield code="4">aut</subfield>
      <subfield code="1">https://id.oclc.org/worldcat/entity/E39PCjHjT8x6P9b6cmVpGG8DMP</subfield>
    </datafield>
    <datafield tag="700" ind1="1" ind2=" ">
      <subfield code="a">De Witte, Gerhard,</subfield>
      <subfield code="e">author.</subfield>
      <subfield code="4">aut</subfield>
    </datafield>
    <datafield tag="700" ind1="1" ind2=" ">
      <subfield code="a">Feyerabend, Sigmund,</subfield>
      <subfield code="d">1528-1590,</subfield>
      <subfield code="e">publisher,</subfield>
      <subfield code="e">printer.</subfield>
      <subfield code="4">pbl</subfield>
      <subfield code="4">prt</subfield>
      <subfield code="1">https://id.oclc.org/worldcat/entity/E39PBJd3JFPtyF9Wmmvrr7ppT3</subfield>
    </datafield>
    <datafield tag="752" ind1=" " ind2=" ">
      <subfield code="a">Germany</subfield>
      <subfield code="d">Frankfurt am Main,</subfield>
      <subfield code="e">publication place.</subfield>
      <subfield code="4">pup</subfield>
    </datafield>
    <datafield tag="758" ind1=" " ind2=" ">
      <subfield code="i">has work:</subfield>
      <subfield code="a">Historia Belgica (Text)</subfield>
      <subfield code="1">https://id.oclc.org/worldcat/entity/E39PCGMYJqvTVHwXHcw7kH3vpP</subfield>
      <subfield code="4">https://id.oclc.org/worldcat/ontology/hasWork</subfield>
    </datafield>
  </record>